000 00550nam a2200193Ia 4500
005 20250508150235.0
008 008 250505s9999 xx 000 0 eng d
037 _aTextual
040 _aFEDL
_beng
_cFEDL
041 _aeng
_2eng
084 _a170.9, LEC
_qFEDL
100 _aLecky William Edward Hartpole
245 0 _aHistory of european morals: From augustus to charlemagne.
260 _aLondon, UK
_bWatts and Co.
_c1946
300 _ax,170p
650 _aEthics
942 _cTEXL
_h170.9, LEC
999 _c1322577
_d1322577